| 000 | 00376nam a2200145Ia 4500 | ||
|---|---|---|---|
| 008 | 150201s2010 xx 000 0 und d | ||
| 082 |
_a610.7 _bN10C |
||
| 100 | _aCLEMENT , I. | ||
| 245 | _aNURSING SOLVED QUSTION PAPERS FOR B.SC. NURSING 2ND YEAR (2009-2000) | ||
| 250 | _a1ST | ||
| 260 |
_bJAYPEE _aDELHI _c2010 |
||
| 300 | _a1003 | ||
| 650 | _aNURSING | ||
| 942 |
_2ddc _cBK _02 |
||
| 999 |
_c2126 _d2126 |
||